| 000 | 00773nam a2200193Ia 4500 | ||
|---|---|---|---|
| 999 |
_c38348 _d38348 |
||
| 001 | 4358 | ||
| 003 | GE_BSU | ||
| 005 | 20191011120955.0 | ||
| 008 | 181216s1986||||ge |||||||||||||| ||geo|| | ||
| 040 | _cGE_BSU | ||
| 041 | _ageo | ||
| 080 | _a37.036 ე–84 | ||
| 245 |
_aესთეტიკური აღზრდა: მიზანი და საშუალებები : _bმიზანი და საშუალებები / _cრედ. ა. ტყემალაძე. |
||
| 264 |
_aთბ. : _bგანათლება, _c1986. |
||
| 300 |
_a224 გვ. ; _b20 სმ. |
||
| 653 | _aესთეტიკური აღზრდა | ||
| 700 |
_aტყემალაძე, ა. _eრედაქტორი _92599 |
||
| 942 |
_cBK _2udc |
||